00353nam a2200133 a 4500008004100000020001500041050001600056100002400072245002300096260004200119300002200161350000900183700002700192120416s0000 ||||||||||||||||| || u a0851393535 aNA 1995 Wri aWright, Frank Lloyd10aLetters to clients aLondonbThe Architectural Pressc1987 axii, 320p. : ill. a0.00 aPfeiffer, Bruce Brooks